000
00278nam a2200121Ia 4500
005
20251222141859.0
008
251222s9999||||xx |||||||||||||| ||spa||
082
_a
818.57/L85/Ej.2
100
_a
London, Jack
245
0
_a
Colmillo Blanco
264
_b
La República
942
_c
LIB
999
_c
8004
_d
8004